000 02676cam a22005174i 4500
003 PE-LiUPU
005 20250731173319.0
008 150625s2004 sp rb 000 0 spa d
020 _a9788482673097
020 _a8482673092
035 _a(Sirsi) i9788482673097
040 _aPE-LiUPU
_bspa
_cPE-LiUPU
_erda
041 1 _aspa
_heng
049 _aPRUA
082 0 4 _a270
_bB12
_221
100 1 _aBackhouse, E.,
_eautor.
245 1 0 _aHistoria de la iglesia primitiva :
_bdesde el siglo I hasta la muerte de Constantino /
_cE. Backhouse y C. Tylor.
264 1 _aTerrassa :
_bClie,
_c2004.
300 _a480 páginas ;
_c20 centímetros.
336 _atext
_2rdacontent
337 _aunmediated
_2rdamedia
338 _avolume
_2rdacarrier
490 0 _aHistoria
504 _aBibliografía: páginas: 479-480.
526 _aSEG42
526 _aSEG41
526 _aSEG40
526 _aSEG39
526 _aP94
526 _aP87
526 _aP86
526 _aP85
526 _aP77
526 _aP76
526 _aP35
534 _pTítulo original :
_tEarly church history.
505 0 _aEl cristianismo durante los siglos I y II -- Historia del cristianismo -- El paganismo en la época apostólica -- Vida y costumbres de los cristianos -- Organización de la iglesia -- Fiestas y hábitos santificados -- Las catacumbas -- Moralidad cristiana y expansión misionera -- Blasfemias contra los cristianos -- Los cristianos y las obligaciones civiles -- El servicio militar -- La esclavitud -- El juramento -- El cristianismo durante los siglos III y IV -- Los mártires de África -- Tertuliano y Clemente de Alejandría -- Persecuciones durante la primera mitad del siglo III -- Los mártires del Oriente -- La iglesia y las herejías -- Los últimos años de Constantino -- El culto en el siglo IV -- Ministerio y ofrendas -- La iglesia se socializa -- La vida cristiana en los siglos III y IV -- La sociedad cristianizada -- La vida ascética -- Extensión del evangelio -- Los cristianos y las obligaciones civiles.
541 _g003-00032;
650 0 4 _aIglesia
_xHistoria
_ySiglo I-VI.
700 1 _aTylor, C.,
_eautor.
942 _2ddc
_cBOOK
949 _a270 B12
_wDEWEY
_c1
_i56931
_d2016-11-14
_e2016-11-11
_lCCODEBUL1
_mBUL
_n6
_p14.00
_r0
_sY
_tBOOK
_u2015-6-25
_xTEOLOGIA
_PP35
_0COMPRA
_o.STAFF. Colección General
994 _aC0
_bPEPRU
596 _a1
999 _a270 B12
_wDEWEY
_c46072
_i56931
_d46072
_e2019-4-8
_f2021-11-10
_g6
_lCCODEBUL1
_mBUL
_n9
_p14.00
_q3
_r0
_sY
_tBOOK
_u2015-6-25
_xTEOLOGIA
_PP35
_0COMPRA
_o.STAFF. Colección Teología
980 _81
_gALBERTO SANCHEZ Responsable de Automatización